Language Quiz

Random Language or World Quiz

Hello World Languages Quiz Stats

Quiz Updated Mar 5, 2015

Challenge
Share
Tweet
Embed
Score 0/20 Timer 03:00
11 Plays Today
% Correct
Hello
94.4%
Bonjour
91.7%
Aloha
83.5%
Hola
82.3%
Ciao
82.1%
Konnichiwa
69.1%
Nǐ hǎo
66.8%
Hallo
61%
Olá
57.6%
Zdravstvuyte
46.4%
% Correct
Namaste
46.1%
Hej
45.3%
Dia dhuit
38.6%
Zdravo
37.4%
Sà-wàt-dee
36.8%
Gamarjoba
28.1%
Kia Ora
27.3%
Sawubona
26.5%
Hujambo
25%
Kaixo
23.1%

You're not logged in!

Compare scores with friends on all Sporcle quizzes.
Sign Up with Email
OR
Log In

You Might Also Like...

Show Comments

Extras

Top Quizzes Today


Score Distribution

Your Account Isn't Verified!

In order to create a playlist on Sporcle, you need to verify the email address you used during registration. Go to your Sporcle Settings to finish the process.